000 00757cam a22002533a 4500
001 17361
003 PGUSA
005 20140828083354.0
008 051220s2005||||xxu|||||s|||||000 | eng d
040 _aPGUSA
_beng
042 _adc
050 4 _aF2501
050 4 _aPF
100 1 _aSchappelle, Benjamin Franklin,
_d1885-
245 1 4 _aThe German Element in Brazil :
_bColonies and Dialect
_h[electronic resource] /
_cBenjamin Franklin Schappelle
260 _bProject Gutenberg,
_c2005
506 _aPublic domain in the USA.
516 _aElectronic text
653 _aGerman language -- Dialects -- Brazil
653 _aGermans -- Brazil
830 0 _aProject Gutenberg
_v17361
856 4 0 _uhttp://www.gutenberg.org/ebooks/17361
942 _cEB
999 _c246616
_d246616